000 00969 a2200181 4500
003 Nust
005 20221118130659.0
040 _cNust
082 _a515,CHA
100 _aChapman, William Arthur James
_9103067
245 _aSenior workshop calculations /
_cChapman,W.A.J
260 _aLondon
_bArnold
_c1954
300 _a435p
505 _aChapter1.Coefficient (Page-1), 2. Algebraic multiplication and division (Page-30), Chap#3 Solutions of equations (Page-53), Chap#4.Trignometrical ratios (Page-71), Chap#5 Limits and tolerance (Page-112), Chap#6. Speeds and feeds (Page-154), Chap#7. Involute gear teeth (Page-181), Chap#8. Milling cutters (Page-211), Chap#9. Vectorial representation (Page-245), Chap#10 Velocity (Page-293), Chap#11 Length and Inclination of aline (Page-320), Chap#12 Graphs and their functions (Page-347).
600 _aChapman, William Arthur James
_9103067
650 _aSenior workshop calculations
_9103068
942 _2ddc
_cBK
_k515,CHA
999 _c180229
_d180229